LEADER 01345nam a2200325 i 4500 001 991003702499707536 005 20021220115410.0 008 020916s2002 us ||| | eng 020 $a1584882352 035 $ab11850371-39ule_inst 035 $aLE01313667$9ExL 040 $aDip.to Matematica$beng 082 0 $a515.64 084 $aAMS 49J45 084 $aLC QA315.C274 100 1 $aCarbone, Luciano$010319 245 10$aUnbounded functionals in the calculus of variations :$brepresentation, relaxation, and homogenization /$cLuciano Carbone, Riccardo De Arcangelis 260 $aBoca Raton, FL :$bChapman & Hall/CRC,$cc2002 300 $axiii, 394 p. ;$c25 cm 490 0 $aChapman & Hall/CRC monographs and surveys in pure and applied mathematics ;$v125 500 $aIncludes bibliographical references and index 650 4$aCalculus of variations 650 4$aFunctionals 700 1 $aDe Arcangelis, Riccardo$eauthor$4http://id.loc.gov/vocabulary/relators/aut$066614 907 $a.b11850371$b28-04-17$c20-12-02 912 $a991003702499707536 945 $aLE013 49J CAR11 (2002)$g1$i2013000135137$lle013$o-$pE0.00$q-$rl$s- $t0$u15$v1$w15$x0$y.i12102945$z20-12-02 996 $aUnbounded functionals in the calculus of variations$9108437 997 $aUNISALENTO 998 $ale013$b01-01-02$cm$da $e-$feng$gus $h0$i1 LEADER 01865oam 2200553M 450 001 9910716282103321 005 20200213071019.9 035 $a(CKB)5470000002519301 035 $a(OCoLC)1065667009 035 $a(OCoLC)995470000002519301 035 $a(EXLCZ)995470000002519301 100 $a20071213d1926 ua 0 101 0 $aeng 135 $aurcn||||||||| 181 $ctxt$2rdacontent 182 $cc$2rdamedia 183 $acr$2rdacarrier 200 10$aSt. Paul (Minn.) Gas Light Co. May 6, 1926. -- Committed to the Committee of the Whole House and ordered to be printed 210 1$a[Washington, D.C.] :$c[U.S. Government Printing Office],$d1926. 215 $a1 online resource (7 pages) 225 1 $aHouse report / 69th Congress, 1st session. House ;$vno. 1103 225 1 $a[United States congressional serial set ] ;$v[serial no. 8537] 300 $aBatch processed record: Metadata reviewed, not verified. Some fields updated by batch processes. 300 $aFDLP item number not assigned. 517 $aSt. Paul 606 $aClaims 606 $aMalicious mischief 606 $aVandalism 606 $aGas companies 606 $aLeases 606 $aLegislative amendments 608 $aLegislative materials.$2lcgft 615 0$aClaims. 615 0$aMalicious mischief. 615 0$aVandalism. 615 0$aGas companies. 615 0$aLeases. 615 0$aLegislative amendments. 701 $aAppleby$b Stewart Hoffman$f1890-1964$pRepublican (NJ)$01386847 801 0$bWYU 801 1$bWYU 801 2$bOCLCO 801 2$bOCLCQ 801 2$bOCLCO 801 2$bOCLCQ 906 $aBOOK 912 $a9910716282103321 996 $aSt. Paul (Minn.) Gas Light Co. May 6, 1926. -- Committed to the Committee of the Whole House and ordered to be printed$93486968 997 $aUNINA